[Event "Mittelfrankenliga 05/06 (B2b)"]
[Site "Mfr.2005/06-R9"]
[Date "2006.04.30"]
[Round "9.7"]
[White "Wiedemann, Jan"]
[Black "Kurz, Christian"]
[Result "1/2-1/2"]
[WhiteElo "1657"]
[BlackElo "1867"]
[Annotator "Bechhofen1-Heilsbronn1"]
[PlyCount "113"]
[EventDate "2006.04.30"]
[SourceDate "2005.10.17"]

1. d4 Nf6 2. Nf3 g6 3. Bg5 Ne4 4. Bf4 Bg7 5. e3 d5 6. Be2 O-O 7. Nbd2 c5 8. c3
Nxd2 9. Qxd2 Nc6 10. O-O b6 11. Rad1 e6 12. Bd3 Bb7 13. Bc2 Qe7 14. Rfe1 Rad8
15. h3 b5 16. Qe2 a6 17. h4 e5 18. dxe5 Nxe5 19. Nxe5 Bxe5 20. Qg4 Rfe8 21. Kf1
Bxf4 22. Qxf4 Qe5 23. Qxe5 Rxe5 24. Rd2 Rde8 25. Red1 c4 26. Rd4 Bc6 27. R1d2
R8e7 28. Bd1 f5 29. Bf3 Rd7 30. g4 fxg4 31. Bxg4 Rf7 32. Ke2 Rb7 33. f4 Re4 34.
Rxe4 dxe4 35. Rd6 Rc7 36. Be6+ Kg7 37. f5 Bb7 38. fxg6 hxg6 39. Bd5 Bxd5 40.
Rxd5 Re7 41. Rd6 Re5 42. Rxa6 Kh6 43. Ra5 Rf5 44. b3 cxb3 45. axb3 Kh5 46. c4
Kxh4 47. Rxb5 Rf8 48. Re5 g5 49. Rxe4+ g4 50. c5 Kh3 51. Re7 Rb8 52. c6 Rxb3
53. c7 Rc3 54. e4 g3 55. e5 g2 56. Rh7+ Kg4 57. Rg7+ 1/2-1/2

[Event "Mittelfrankenliga 05/06 (B2b)"]
[Site "Mfr.2005/06-R9"]
[Date "2006.04.30"]
[Round "9.8"]
[White "Lechner, Hans-Dieter"]
[Black "Siebert, Peter"]
[Result "1-0"]
[WhiteElo "1766"]
[BlackElo "1491"]
[Annotator "Bechhofen1-Heilsbronn1"]
[PlyCount "47"]
[EventDate "2006.04.30"]
[SourceDate "2005.10.17"]

1. e4 c5 2. Nf3 d6 3. d4 cxd4 4. Nxd4 Nf6 5. Nc3 a6 6. Be2 g6 7. Be3 Bg7 8. O-O
O-O 9. f4 e5 10. Nf3 Nc6 11. Qd2 Ng4 12. fxe5 Nxe3 13. Qxe3 dxe5 14. Nd5 f5 15.
Rad1 f4 16. Nxf4 exf4 17. Qb3+ Kh8 18. Rxd8 Rxd8 19. Ng5 Bd4+ 20. Kh1 Kg7 21.
Qf7+ Kh6 22. Qxf4 Kg7 23. Qf7+ Kh6 24. Qxh7+ 1-0

[Event "Mittelfrankenliga 05/06 (B2b)"]
[Site "Mfr.2005/06-R9"]
[Date "2006.04.30"]
[Round "9.1"]
[White "Greul, Hans"]
[Black "Witt, Alfred"]
[Result "1-0"]
[WhiteElo "2060"]
[BlackElo "1900"]
[Annotator "Ansbach 1-Schwabach 2"]
[PlyCount "149"]
[EventDate "2006.04.30"]
[SourceDate "2005.10.17"]

1. a3 Nf6 2. Nf3 d5 3. d4 g6 4. e3 Bg7 5. c4 c6 6. Nc3 O-O 7. cxd5 cxd5 8. Be2
Nc6 9. O-O a5 10. Bd2 Bf5 11. Qb3 Rb8 12. Rac1 Bg4 13. Na4 Ne4 14. Rfd1 e5 15.
dxe5 Nxe5 16. Nd4 Bxe2 17. Nxe2 Qh4 18. Be1 Ng4 19. h3 Ngxf2 20. Nac3 Nxc3 21.
Nxc3 Nxh3+ 22. gxh3 Qxh3 23. Nxd5 Rbe8 24. Rc2 Re5 25. Rg2 Rh5 26. Bg3 Qh1+ 27.
Kf2 Rf5+ 28. Nf4 Qh5 29. Rh2 Rb5 30. Rxh5 Rxb3 31. Rxa5 Rxb2+ 32. Kf3 Bc3 33.
Ra7 Bd2 34. Nd5 f6 35. Nb4 Re8 36. Bf2 Re7 37. Nd5 Rf7 38. Ra8+ Kg7 39. Rd8 Ba5
40. Rd6 h5 41. Nf4 Bc3 42. R1d3 Be5 43. Ne6+ Kh6 44. Rd8 g5 45. Rd2 g4+ 46. Kg2
Rb6 47. Nf4 f5 48. Bh4 Rb3 49. R8d3 Rb1 50. Rd5 Bxf4 51. exf4 Rc1 52. Rd6+ Kh7
53. Bg5 Rc6 54. Rxc6 bxc6 55. Rc2 Rc7 56. Kg3 Kg6 57. Rc5 Rc8 58. a4 Kg7 59. a5
Rb8 60. Rc3 c5 61. Be7 Kg6 62. Bxc5 h4+ 63. Kg2 Rb2+ 64. Kh1 Rb1+ 65. Bg1 Ra1
66. Rc6+ Kh5 67. a6 g3 68. Kg2 Kg4 69. Rg6+ Kxf4 70. a7 Ra2+ 71. Kh3 Ra1 72.
Rg8 Rxg1 73. a8=Q g2 74. Qa4+ Kf3 75. Qb3+ 1-0

[Event "Mittelfrankenliga 05/06 (B2b)"]
[Site "Mfr.2005/06-R9"]
[Date "2006.04.02"]
[Round "9.2"]
[White "Reizine, Viatcheslav"]
[Black "Pechan, Willi"]
[Result "1/2-1/2"]
[WhiteElo "1944"]
[BlackElo "1788"]
[Annotator "Ansbach 1-Schwabach 2"]
[PlyCount "52"]
[EventDate "2006.04.30"]
[SourceDate "2005.10.17"]

1. e4 e6 2. f4 d5 3. e5 c5 4. Nf3 Nc6 5. d4 Nh6 6. Nc3 Nf5 7. Bb5 Bd7 8. Bxc6
Bxc6 9. Ne2 Nh4 10. O-O Nf5 11. c3 cxd4 12. cxd4 Bb4 13. Bd2 Bxd2 14. Qxd2 Qb6
15. g4 Ne7 16. Ng3 g6 17. a4 a5 18. Kh1 Bd7 19. Ng5 O-O 20. Rg1 Rac8 21. Qf2 f6
22. exf6 Rxf6 23. f5 exf5 24. gxf5 Nxf5 25. Nxf5 Bxf5 26. Qh4 h5 1/2-1/2

[Event "Mittelfrankenliga 05/06 (B2b)"]
[Site "Mfr.2005/06-R9"]
[Date "2006.04.02"]
[Round "9.3"]
[White "Hoerath, Michael"]
[Black "Kiefer, Johannes"]
[Result "1-0"]
[WhiteElo "1764"]
[BlackElo "1740"]
[Annotator "Ansbach 1-Schwabach 2"]
[PlyCount "91"]
[EventDate "2006.04.30"]
[SourceDate "2005.10.17"]

1. d4 d5 2. Nf3 Nf6 3. e3 g6 4. g3 Bg7 5. Bg2 O-O 6. O-O Nbd7 7. Nbd2 Re8 8. c4
c6 9. cxd5 cxd5 10. b3 b6 11. Bb2 Bb7 12. Rc1 a5 13. Nb1 Ne4 14. Nfd2 f5 15.
Nxe4 fxe4 16. Nc3 e5 17. dxe5 Nxe5 18. Ba1 Nd3 19. Rc2 Rc8 20. Ne2 Rxc2 21.
Qxc2 Bxa1 22. Rxa1 Nxf2 23. Nf4 Ng4 24. Qd2 Qd6 25. Rc1 Qb4 26. Rc3 Nxe3 27. a3
Qxa3 28. Qxe3 Qb4 29. Ne2 Ba6 30. Nd4 a4 31. bxa4 Qxa4 32. h3 Qd1+ 33. Kh2 Bc4
34. Ra3 Qh5 35. Ra7 b5 36. Bf3 Qe5 37. Bg4 g5 38. Bf5 h6 39. Ra6 Re7 40. Rxh6
Rg7 41. Be6+ Kf8 42. Rh8+ Ke7 43. Nc6+ Kxe6 44. Nxe5 Kxe5 45. Re8+ Kf6 46. Qb6+
1-0

[Event "Mittelfrankenliga 05/06 (B2b)"]
[Site "Mfr.2005/06-R9"]
[Date "2006.04.02"]
[Round "9.5"]
[White "Scheuerlein, Gerhard"]
[Black "Sommer, Dieter"]
[Result "0-1"]
[WhiteElo "1706"]
[BlackElo "1719"]
[Annotator "Ansbach 1-Schwabach 2"]
[PlyCount "118"]
[EventDate "2006.04.30"]
[SourceDate "2005.10.17"]

1. Nf3 Nf6 2. c4 d5 3. cxd5 Nxd5 4. Nc3 Nxc3 5. bxc3 c5 6. g3 g6 7. Bg2 Bg7 8.
Rb1 Nc6 9. Ba3 Qa5 10. Qb3 O-O 11. O-O Rb8 12. Bb2 e5 13. Rfd1 Be6 14. c4 Rfd8
15. Bc3 Qc7 16. d3 b6 17. Qb2 Rd7 18. Ng5 Nd4 19. Nxe6 Nxe6 20. Bd5 Qd6 21. a4
Nc7 22. e4 Nxd5 23. cxd5 f5 24. Qd2 Rf7 25. f3 f4 26. g4 Qe7 27. Qf2 h5 28. Qg2
h4 29. h3 g5 30. Qa2 Qc7 31. Rb2 Kh7 32. Rdb1 Rff8 33. Qc4 Rfc8 34. Qa6 c4 35.
dxc4 Qc5+ 36. Kg2 Qxc4 37. Qxc4 Rxc4 38. Bb4 Rbc8 39. Be7 Rc2+ 40. Kf1 Rxb2 41.
Rxb2 Kg6 42. d6 Bf6 43. d7 Rc1+ 44. Ke2 Bxe7 45. Rd2 Bd8 46. Rd6+ Kf7 47. Kd2
Rc7 48. Kd3 Ke7 49. Rd5 Rxd7 50. Kc4 Rxd5 51. Kxd5 Bc7 52. Kc6 Kd8 53. Kb7 a5
54. Kc6 Kc8 55. Kb5 Kb7 56. Kc4 Kc6 57. Kb3 Kc5 58. Kc3 Bd6 59. Kb3 Kd4 0-1

[Event "Mittelfrankenliga 05/06 (B2b)"]
[Site "Mfr.2005/06-R9"]
[Date "2006.04.02"]
[Round "9.6"]
[White "Drechsler, Alfred"]
[Black "Uhlendorff, Daniel"]
[Result "1/2-1/2"]
[WhiteElo "1711"]
[BlackElo "1679"]
[Annotator "Ansbach 1-Schwabach 2"]
[PlyCount "59"]
[EventDate "2006.04.30"]
[SourceDate "2005.10.17"]

1. d4 d5 2. c4 c6 3. Nc3 Bf5 4. cxd5 cxd5 5. Qb3 e6 6. Qxb7 Nd7 7. e3 Qc8 8.
Qxc8+ Rxc8 9. Bb5 Ngf6 10. Nf3 Bd6 11. O-O O-O 12. Bd2 Nb6 13. Rac1 Nc4 14.
Bxc4 Rxc4 15. Nb5 Bb8 16. Rxc4 dxc4 17. Rc1 Be4 18. Na3 Bd5 19. Nxc4 Ne4 20. b3
Rc8 21. Na5 Rxc1+ 22. Bxc1 Nc3 23. Ba3 Nxa2 24. Bc5 Bc7 25. Nc4 a5 26. Nfd2 Nc1
27. e4 Bc6 28. Bd6 Bxd6 29. Nxd6 Ne2+ 30. Kf1 1/2-1/2

[Event "Mittelfrankenliga 05/06 (B2b)"]
[Site "Mfr.2005/06-R9"]
[Date "2006.04.30"]
[Round "9.7"]
[White "Trausch, Stefan"]
[Black "Nitsche, Erwin"]
[Result "1/2-1/2"]
[WhiteElo "1791"]
[BlackElo "1628"]
[Annotator "Ansbach 1-Schwabach 2"]
[PlyCount "75"]
[EventDate "2006.04.30"]
[SourceDate "2005.10.17"]

1. d4 d5 2. c4 c6 3. Nf3 Nf6 4. Nc3 e6 5. Bg5 Be7 6. e3 Nbd7 7. Rc1 O-O 8. h3
h6 9. Bf4 Nh5 10. Bh2 f5 11. Ne5 Qe8 12. Be2 Nhf6 13. O-O Ne4 14. Bh5 Qd8 15.
Ng6 Rf6 16. Nxe7+ Qxe7 17. Nxe4 fxe4 18. Bg3 Rf8 19. Bg4 Nf6 20. Be2 Bd7 21. c5
Rfd8 22. b4 Be8 23. a4 a6 24. Rb1 Kh7 25. b5 axb5 26. axb5 Ra2 27. Ra1 Rda8 28.
Rxa2 Rxa2 29. b6 Qd8 30. f3 Bh5 31. Be5 Qa8 32. g4 Bg6 33. f4 Qa3 34. Kf2 Nd7
35. Qc1 Qb3 36. Re1 h5 37. Qb1 Qa3 38. Qc1 1/2-1/2